Statistics for Capitals of the Countries that Start with K

Click here to take the quiz!

General Stats

  • This quiz has been taken 54 times
    (26 since last reset)
  • The average score is 5 of 6

Answer Stats

Country Capital % Correct
KenyaNairobi
100%
KuwaitKuwait City
100%
KazakhstanNur-Sultan
91%
KyrgyzstanBishkek
91%
KosovoPristina
87%
KiribatiSouth Tarawa
57%

Score Distribution

Percentile by Number Answered

Percent of People with Each Score

Your Score History

You have not taken this quiz since the last reset